| Поле | Инд. | ПП | Название | Значение |
|---|---|---|---|---|
| Тип записи | a | |||
| Библиографический уровень | b | |||
| 001 | Контрольный номер | RU/IS/BASE/268744032 | ||
| 005 | Дата корректировки | 20200630193211.1 | ||
| 008 | Кодируемые данные | 20080707 | ||
| 040 | b | Код языка каталог. | rus | |
| e | Правила каталог. | PSBO | ||
| 041 | 0_ | a | Код языка текста | rus |
| 084 | a | Индекс другой классификации/Индекс ББК | 81.432.4; 81.1; 66.053 | |
| 100 | 1_ | a | Автор | Работкин Ю. В. |
| 245 | 10 | a | Заглавие | Опыт описания концепта "факт" в политическом дискурсе |
| b | Продолж. заглавия | (на материале журнале Der Spigel) | ||
| 504 | a | Библиография | Библиогр.: с. 106 | |
| 650 | 04 | a | Основная рубрика | немецкий язык |
| a | Основная рубрика | политика | ||
| a | Основная рубрика | политология | ||
| a | Основная рубрика | прикладное языкознание | ||
| a | Основная рубрика | филологические науки | ||
| a | Основная рубрика | частное языкознание | ||
| a | Основная рубрика | языкознание | ||
| 653 | 1_ | a | Ключевые слова | Der Spiegel (журнал) |
| a | Ключевые слова | концепт "факт" | ||
| a | Ключевые слова | политический дискурс | ||
| a | Ключевые слова | политический текст | ||
| a | Ключевые слова | средства массовой информации (СМИ) | ||
| 773 | 08 | t | Заглавие источника | Вестник Московского университета. Серия 9, Филология |
| d | Дата издания источника | 2007 | ||
| g | Прочая информация | № 6. - С. 101 - 106 | ||
| w | Контрольный № источника | RU/IS/BASE/261756589 | ||
| 901 | t | Тип документа | b |